| 000 | 00816nas a2200265 4500 | ||
|---|---|---|---|
| 001 | BR9502414 | ||
| 003 | BR-BrBNA | ||
| 005 | 20231205094326.0 | ||
| 007 | ta | ||
| 008 | 230509b bl.|||p| |||| 00| 00por d | ||
| 040 |
_aBR-BrBNA _bpor _cBiblioteca Nacional de Agricultura |
||
| 041 | _a(Pt) | ||
| 072 | _aH20; F30 | ||
| 100 | 1 | _aSoares, A.M.Q. | |
| 100 | 1 | _aLopes, C.A. | |
| 100 | 1 | _aReifschneider, F.J.B. | |
| 245 | 1 | _aAvaliacao de populacoes de milho-pipoca para resistencia a Exserohilum turcicum | |
| 650 | _aMilho Pipoca | ||
| 650 | _aQueima da Folha | ||
| 650 | _aPopulacao de Planta | ||
| 650 | _aVariedade Resistente | ||
| 773 | 0 |
_tHorticultura Brasileira (Brazil) _xISSN 0102-0536 _g(May 1993), v. 11(1) p. 22-04 _wBR9502414 |
|
| 909 |
_a202311 _bLúcia _c55 _dLúcia Elande |
||
| 942 |
_2AGRIS _n0 _cANA |
||
| 999 |
_c143592 _d143592 |
||